1955 1499 1134 1388 1549 1082 1923 1264 1468 1691 1509 1711 1933 1438 1392 1130 1431 1228 1900 1818 1632 1457 1292 1734 1609 1887 1620 1340 1448 1107 1032 1187 1866 1028 1032 1214 1747 1218 1392 1799 1377 1119 1283 1549 1237 1572 1894 1732 1174 1525 1607 1872 1410 1392 1042 1804 1877 1416 1382 1892 1622 1889 1222 1273 1381 1605 1538 1342 1567 1751 1927 1028 1478 1964 1410 1480 1319 1546 1990 1940 1619 1359 1021 1104 1437 1196 1409 1166 1670 1747 1986 1111 1595 1848 1477 1956 1332 1251 1016 BCNSPRNW ULIB Ver.6.0+V

เปลี่ยนเป็นภาษาไทย

Change to English
 แสดงรายละเอียดบรรณานุกรม
  กลับหน้าหลัก

Brief Record : Get Marc (ISO 2709) : E-mail record : QR code < ปิดหน้าต่าง
LEADER : 00000nam 2200000uu 4500
001    13399109067
003     ULIB
008    110321s2549||||th 000 0 tha d
020    9749457692
050  4 HD31^bจ214ก 2549
100 0  จักร ติงศภัทิย์
245 10 การจัดการยุคใหม่ :กลยุทธ์การบริหารผลการดำเนินงาน =^bModern management : A strategic approcah for performance management /^cจักร ติงศภัทิย์
246 31 Modern management : A strategic approcah for performancemanagement
250    พิมพ์ครั้งที่ 1
260    กรุงเทพฯ :^bเอ็กซเปอร์เน็ท,^c2549
300    173 หน้า :^bภาพประกอบ ;^c22 ซม.
650  7 การจัดการ
650  7 การจัดการองค์การ
650  7 การบริหาร
945    ^p180^l0^i029850
945    ^p180^l0^i029849
995    ทศพร
999 ^a ใช้งานได้ทุกระบบ
รายการนี้ยังไม่มีแท็ก
คุณยังไม่ได้ล็อกอิน คุณสามารถมีกิจกรรมร่วมกับเว็บไซต์ได้ แต่ต้องล็อกอินก่อน ::
  ล็อกอิน

รายการสื่อสารสนเทศ

ลำดับที่ ประเภท เลขเรียก/บาร์โค้ด สถานที่ สถานะ
1. การศึกษาทั่วไป
การศึกษาทั่วไป
HD31 จ214ก 2549 ฉ.2 
  Barcode: 029850
ห้องสมุดวิทยาเขตนครสวรรค์
►หนังสือทั่วไป:l:General Books
บนชั้น

รายการใกล้เคียง
    ผู้แต่ง [จักร ติงศภัทิย์]

    หัวเรื่อง [การจัดการ]
    หัวเรื่อง [การจัดการองค์การ]
    หัวเรื่อง [การบริหาร]

BibComment


ยังไม่เคยถูกคอมเมนท์

คอมเมนท์ทรัพยากรรายการนี้
  คอมเมนท์: การจัดการยุคใหม่ ..


 Copyright 2026. Bcnsprnw @Library